Call me softly /
Abigail Wetherington believes the evil that stalks her family is a sleeping dog come back to bite them. So with her last breath, she implores her beautiful granddaughter, Lillie, to flee to the family's polo estate in the South and seek the protection of someone Abigail has come to trust. What...
| Main Author: | |
|---|---|
| Format: | Book |
| Language: | English |
| Published: |
Valley Falls, NY :
Bold Strokes Books,
2011.
|
| Edition: | First edition. |
| Subjects: | |
| Online Access: | Contributor biographical information Publisher description |
MARC
| Tag | First Indicator | Second Indicator | Subfields |
|---|---|---|---|
| LEADER | 00000cam a2200000 a 4500 | ||
| 001 | in00004723021 | ||
| 008 | 120207s2011 nyu 000 f eng d | ||
| 005 | 20230609190111.5 | ||
| 010 | |a 2011276419 | ||
| 035 | |a (OCoLC)ocn659768686 | ||
| 040 | |a BTCTA |b eng |c DLC |d BTCTA |d CLE |d UKMGB |d YDXCP |d ZCU |d OCLCF |d OCLCO |d OCLCQ |d OCL |d OCLCO |d TXA | ||
| 015 | |a GBB0E9036 |2 bnb | ||
| 016 | 7 | |a 015716648 |2 Uk | |
| 020 | |a 9781602822153 |q (pbk.) | ||
| 020 | |a 1602822158 |q (pbk.) | ||
| 035 | |a (OCoLC)659768686 | ||
| 042 | |a lccopycat | ||
| 050 | 0 | 0 | |a PS3612.E35595 |b C35 2011 |
| 082 | 0 | 0 | |a 813/.6 |2 23 |
| 100 | 1 | |a Leigh, D. Jackson, |e author. | |
| 245 | 1 | 0 | |a Call me softly / |c by D. Jackson Leigh. |
| 250 | |a First edition. | ||
| 264 | 1 | |a Valley Falls, NY : |b Bold Strokes Books, |c 2011. | |
| 300 | |a 261 pages ; |c 22 cm | ||
| 336 | |a text |b txt |2 rdacontent | ||
| 337 | |a unmediated |b n |2 rdamedia | ||
| 338 | |a volume |b nc |2 rdacarrier | ||
| 520 | |a Abigail Wetherington believes the evil that stalks her family is a sleeping dog come back to bite them. So with her last breath, she implores her beautiful granddaughter, Lillie, to flee to the family's polo estate in the South and seek the protection of someone Abigail has come to trust. What Lillie doesn't know is that she is putting herself in the hands of a woman who may be the biggest family secret of them all. | ||
| 500 | |a The Cushing Library/Women & Gender Studies copy was acquired as part of The Arden Eversmeyer Collection; is inscribed by the author. ǂ5 TXA | ||
| 650 | 0 | |a Lesbians |v Fiction. | |
| 650 | 0 | |a Polo |v Fiction. | |
| 650 | 0 | |a Stalkers |v Fiction. | |
| 650 | 6 | |a Lesbiennes |v Romans, nouvelles, etc. | |
| 650 | 6 | |a Polo |v Romans, nouvelles, etc. | |
| 650 | 6 | |a Harceleurs |v Romans, nouvelles, etc. | |
| 650 | 7 | |a Lesbians. |2 fast |0 (OCoLC)fst00996540 | |
| 650 | 7 | |a Polo. |2 fast |0 (OCoLC)fst01070244 | |
| 650 | 7 | |a Stalkers. |2 fast |0 (OCoLC)fst01131391 | |
| 655 | 4 | |a LGBTQ YA. | |
| 655 | 7 | |a Erotic fiction. |2 fast |0 (OCoLC)fst01726601 | |
| 655 | 7 | |a Fiction. |2 fast |0 (OCoLC)fst01423787 | |
| 655 | 7 | |a Lesbian fiction. |2 lcgft | |
| 655 | 7 | |a Suspense fiction. |2 gsafd | |
| 655 | 7 | |a Erotic fiction. |2 gsafd | |
| 655 | 7 | |a Thrillers (Fiction) |2 lcgft | |
| 856 | 4 | 2 | |3 Contributor biographical information |u http://catdir.loc.gov/catdir/enhancements/fy1210/2011276419-b.html |t 0 |
| 856 | 4 | 2 | |3 Publisher description |u http://catdir.loc.gov/catdir/enhancements/fy1412/2011276419-d.html |t 0 |
| 938 | |a Baker and Taylor |b BTCP |n BK0009212619 | ||
| 938 | |a YBP Library Services |b YANK |n 7693927 | ||
| 029 | 1 | |a UNITY |b 123012368 | |
| 029 | 1 | |a UKMGB |b 015716648 | |
| 994 | |a Z0 |b TXA | ||
| 948 | |h HELD BY TXA - 16 OTHER HOLDINGS | ||
| 999 | f | f | |s bc04ead4-c8c7-4bfe-83ba-67caeba50f85 |i 830e9fbd-ab52-4fff-960a-4871012becac |t 0 |
| 952 | f | f | |p noncirc |a Texas A&M University |b College Station |c Cushing Memorial Library & Archives |d Cushing: Women & Gender Studies (Does not check out) |t 0 |e PS3612.E35595 C35 2011 |h Library of Congress classification |i unmediated -- volume |m A14853107286 |
| 998 | f | f | |a PS3612.E35595 C35 2011 |t 0 |l Cushing: Women & Gender Studies (Does not check out) |